000 00251 a2200121 4500
000 nam a22 7a 4500
100 _aAmit Kumar
110 _aAmit Kumar
245 _aTest Book
260 _bHome Library
264 _bHome Library
942 _cBK
999 _c393737
_d393737